Estrategias de la violencia política : (Record no. 1002)

000 -CABECERA
fixed length control field 01033nam a22002417a 4500
003 - IDENTIFICADOR DEL NÚMERO DE CONTROL
control field AR-CdUCM
008 - DATOS DE LONGITUD FIJA--INFORMACIÓN GENERAL
fixed length control field 190226b ||||| |||| 00| 0 spa d
040 ## - FUENTE DE LA CATALOGACIÓN
Agencia/entidad que catalogó originalmente la obra MUNICIPALIDAD PROVINCIAL DEL CUSCO
Entidad que transcribió la catalogación BIBLIOTECA MUNICIPAL DEL CUSCO
082 ## - NÚMERO DE LA CLASIFICACIÓN DECIMAL DEWEY
No. de Clasificación 323.2 /
Notacion interna B61
100 ## - ENTRADA PRINCIPAL--NOMBRE DE PERSONA
Nombre Personal Black, Cyril E.
245 ## - MENCIÓN DE TÍTULO
Título Estrategias de la violencia política :
Resto del título comunismo y revolución /
Mención de responsabilidad Black, Cyril E. ; Thornton, Thomas P. (coautor) ; Sierra, Emilio M. (traductor)
260 ## - PUBLICACIÓN, DISTRIBUCIÓN, ETC.
Lugar de publicación, distribución, etc. Buenos Aires - Argentina :
Nombre de la editorial, distribuidor, etc. Ed. Troquel,
Fecha de publicación, distribución, etc. 1968
300 ## - DESCRIPCIÓN FÍSICA
Nº de Páginas Extensión 544 páginas ;
Dimensiones 22 cm.
505 ## - NOTA DE CONTENIDO CON FORMATO
Nota de contenido formateada Revolución, modernización y comunismo -- la teoría comunista del estado y de la revolución -- el surgimiento de la doctrina revolucionaria comunista -- Europa Oriental -- Finlandia
650 ## - PUNTO DE ACCESO ADICIONAL DE MATERIA--TÉRMINO DE MATERIA
Descriptor Revolución.
9 (RLIN) 844
650 ## - PUNTO DE ACCESO ADICIONAL DE MATERIA--TÉRMINO DE MATERIA
Descriptor Historia.
9 (RLIN) 136
650 ## - PUNTO DE ACCESO ADICIONAL DE MATERIA--TÉRMINO DE MATERIA
Descriptor Europa Oriental.
9 (RLIN) 3899
700 ## - PUNTO DE ACCESO ADICIONAL--NOMBRE DE PERSONA
Nombre Personal Thornton, Thomas P. (coautor)
9 (RLIN) 3900
700 ## - PUNTO DE ACCESO ADICIONAL--NOMBRE DE PERSONA
Nombre Personal Sierra, Emilio M. (traductor)
9 (RLIN) 3901
942 ## - ELEMENTOS DE PUNTO DE ACCESO ADICIONAL (KOHA)
Fuente de clasificación
Tipo de item Libros-BMC
945 ## - PROCESAMIENTO DE INFORMACIÓN LOCAL (OCLC)
Catalogador achl
AAAA-MM-DD - Fecha de ingreso o modificacion 2019-02-26
Holdings
Estado de retiro (separado) Fuente de clasificación o esquema de estanterías Estado dañado Ubicación Sala donde se ubica Nombre de la colección Fecha de adquisición o compra Costo, precio normal en soles Signatura topográfica Código de Barras Última vez visto (Koha) Tipo de ítem (Koha)
No     Sala Humanidades Sala Humanidades Book Cart 2019-02-26 40.00 323.2 / B61 SH0000001072 2019-02-26 Libros-BMC

Powered by Koha